| Поле | Название | Значение |
| |
Тип записи |
a |
| |
Библиографический уровень |
m |
| 001 |
Контрольный номер |
RU/SLIB/B/208770956 |
| 005 |
Дата корректировки |
20201206204301.6 |
| 010 |
Индекс ISBN |
__ |
| a |
ISBN |
5-222-04715-6 |
| d |
Цена |
63-00 |
| 101 |
Язык документа |
0_ |
| a |
Язык текста |
rus |
| c |
Язык оригинала |
rus |
| 200 |
Заглавие и сведения об ответственности |
1_ |
| a |
Заглавие |
Забудь о боли в спине |
| e |
Сведения, относящиеся к заглавию |
методы цигун-терапии для профилактики заболеваний суставов |
| f |
Первые сведения об ответственности |
Фан Чжиюн |
| b |
Общее обозначение материала |
Текст |
| 210 |
Выходные данные |
__ |
| a |
Место издания |
Ростов н/Д |
| c |
Издательство |
Феникс |
| d |
Дата издания |
2004 |
| 215 |
Физическое описание |
__ |
| a |
Объем |
287 с. |
| 225 |
Серия |
__ |
| a |
Серия |
Здоровье нации |
| 330 |
Аннотация |
__ |
| a |
Аннотация |
О предупреждении заболеваний суставов, об устранении боли и дискомфорта. Для широкого круга. |
| 606 |
Тематические рубрики |
__ |
| a |
Основная рубрика |
Здравоохранение. Медицинские науки |
| 606 |
Тематические рубрики |
__ |
| a |
Основная рубрика |
Болезни опорно-двигательной системы |
| 610 |
Ключевые слова |
__ |
| a |
Ключевые слова |
цигун; цигун-терапия; профилактика заболеваний; заболевания суставов; болезни суставов; суставы; опорно-двигательный аппарат; тренировки; тело (анатомия); китайские шарики; шары здоровья |
| 686 |
Индексы других классификаций |
__ |
| a |
Классификационный индекс |
54.181 |
| 700 |
Автор |
_0 |
| a |
Фамилия |
Фан |
| g |
Полное личное имя |
Чжиюн |
| 4 |
Код отношения |
070 |
| 801 |
Источник записи |
_0 |
| a |
Страна |
RU |
| b |
Организация |
Муниципальное бюджетное учреждение культуры "Централизованная библиотечная система" г. Сургут (Центральная городская библиотека им. А. С. Пушкина) |
| g |
Правила каталогизации |
КиК/Уланова; КиК/Поспелова |
| 801 |
Источник записи |
_1 |
| a |
Страна |
RU |
| b |
Организация |
Муниципальное бюджетное учреждение культуры "Централизованная библиотечная система" г. Сургут (Центральная городская библиотека им. А. С. Пушкина) |
| g |
Правила каталогизации |
КиК/Уланова; КиК/Поспелова |
| 852 |
Данные о местонахождении |
__ |
| j |
Шифр хранения |
54.181 |
| c |
Каталожный индекс |
54.18 |
| i |
Авторский знак |
Ф 21 |
| p |
Инвентарный номер |
06031077; 06031079; 06031080; 05060485 |
| 901 |
Тип документа |
__ |
| t |
Тип документа |
m |
| 903 |
Характеристики (МАРС) |
__ |
| a |
Дата передачи |
20050606; 20060317 |
| 990 |
Данные о заказе (DOS) |
__ |
| j |
Количество экземпляров (DOS) |
3; 1 |
| t |
N записи в КСУ для И/У (DOS) |
200603; 200506 |